000 02025nam0a2200361 4500
001 RU\NLR\bibl\1876506
005 20260408084031.0
010 _a978-5-7598-0940-1
_91000
021 _aRU
_b2012-8916
_9661
035 _a(NLR Aleph) 001866307
090 _a2600179
_c2600179
100 _a20120302d2012 |||y0rusy50 ca
101 0 _arus
102 _aRU
105 _aa |||||||||
200 1 _aКонкурентное право России
_eучебник
_f[Алешин Д.А., Артемьев И.Ю., засл. экономист РФ, Борзило Е.Ю., к.ю.н. и др.
_gотв. ред.: И.Ю. Артемьев, А.Г. Сушкевич]
_gВысш. шк. экономики, нац. исслед. ун-т
210 _aМосква
_cВысшая школа экономики
_d2012
215 _a389, [1] с.
_cил.
_d25
320 _aБиблиогр. в подстроч. примеч.
606 1 _aКонкуренция
_jУчебники для высших учебных заведений
_xПравовое регулирование
_yРоссийская Федерация
_9978394
_3RU\NLR\auth\66368050
606 1 _aМонополии
_jУчебники для высших учебных заведений
_xОграничительное законодательство
_yРоссийская Федерация
_92083168
_3RU\NLR\auth\661259217
686 _aХ623.012.09я73
701 1 _aАлешин
_bД. А.
_4070
701 1 _aАртемьев
_bИ. Ю.
_f1961-
_gИгорь Юрьевич
_4070
701 1 _aБорзило
_bЕ. Ю.
_gЕвгения Юрьевна
_4070
702 1 _aАртемьев
_bИ. Ю.
_f1961-
_gИгорь Юрьевич
_4340
712 0 2 _4570
_a"Высшая школа экономики", национальный исследовательский университет
_cМосква
_3RU\NLR\AUTH\8810179352
_9854865
801 0 _aRU
_bNLR
_c20120302
_gRCR
801 1 _aRU
_bNLR
_c20120302
942 _cBOOK
980 _aNB
980 _aNBR